Escudos de España de Fútbol - Estadísticas

Estadísticas generales
  • Esta prueba ha sido intentada 45 veces
    41 desde el último reinicio
  • La puntuación promedio es 145 de 422
Estadísticas de respuestas
Imagen Respuesta % Correcto
Barcelona
97%
Real Madrid
97%
Alavés
94%
Athletic Club
94%
Atlético de Madrid
94%
Betis
94%
Celta
94%
Elche
94%
Getafe
94%
Girona
94%
Levante
94%
Mallorca
94%
Osasuna
94%
Oviedo
94%
Rayo Vallecano
94%
Real Sociedad
94%
Sevilla
94%
Valencia
94%
Las Palmas
91%
Málaga
91%
Villarreal
91%
Albacete
88%
Almería
88%
Cartagena
88%
Eibar
88%
Espanyol
88%
Granada
88%
Huesca
88%
Leganés
88%
Zaragoza
88%
Andorra
84%
Barakaldo
84%
Burgos
84%
Cádiz
84%
Castellón
84%
Deportivo
84%
Eldense
84%
Lugo
84%
Mérida
84%
Pontevedra
84%
Talavera
84%
Valladolid
84%
Algeciras
81%
Cultural Leonesa
81%
Hércules
81%
Ibiza
81%
Racing de Santander
81%
Sporting
81%
Tenerife
81%
Zamora
81%
Antequera
78%
Mirandés
78%
Numancia
78%
Sabadell
78%
Tarazona
78%
Unionistas
78%
Alcorcón
75%
Arenteiro
75%
Ceuta
75%
Coruxo
75%
Marbella
75%
Ponferradina
75%
Racing de Ferrol
75%
Real Ávila
75%
Cacereño
72%
Córdoba
72%
Juventud Torremolinos
72%
Bergantiños
69%
Europa
69%
Ourense CF
69%
Arenas de Getxo
66%
Guadalajara
66%
Real Murcia
66%
Nàstic
63%
Real Unión
63%
Reus
63%
Salamanca
63%
Alcoyano
59%
Atlético Astorga
59%
Ebro
59%
Sant Andreu
59%
Gernika
56%
Olot
56%
Poblense
56%
Sámano
56%
Teruel
56%
Alfaro
53%
Amorebieta
53%
Atlético Baleares
53%
Avilés
53%
Ejea
53%
Águilas
50%
Andratx
50%
Beasain
50%
Extremadura
50%
Gimnástica Segoviana
50%
Linares
50%
Lleida
50%
Navalcarnero
50%
Náxara
50%
Porreres
50%
UCAM Murcia
50%
Xerez
50%
Fuenlabrada
47%
Melilla
47%
Recreativo
47%
Torrent
47%
UD Logroñés
47%
Utebo
47%
Coria
44%
Estepona
44%
Intercity
44%
Mutilvera
44%
Orihuela
44%
Rayo Majadahonda
44%
SD Logroñés
44%
Sestao
44%
UD Ourense
44%
Yeclano
44%
Compostela
41%
Cornellà
41%
Lorca Deportiva
41%
Quintanar del Rey
41%
Real Jaén
41%
Atlético Sanluqueño
38%
Atzeneta
38%
Cayón
38%
Pozuelo
38%
Ronin
38%
Xerez Deportivo
38%
Alzira
34%
Arosa
34%
Atlètic Lleida
34%
Atlético Saguntino
34%
Barbastro
34%
Boiro
34%
Buñol
34%
Castellonense
34%
Cultural Durango
34%
Deportiva Minera
34%
La Nucía
34%
Laredo
34%
Leioa
34%
Marino
34%
Noja
34%
Parla
34%
San Sebastián de los Reyes
34%
Sarriana
34%
Terrassa
34%
Toledo
34%
Tropezón
34%
Vic
34%
Atlético Arteixo
31%
Atlético Mansillés
31%
Bollullos
31%
Carabanchel
31%
Ceares
31%
Diocesano
31%
Guijuelo
31%
Langreo
31%
Llanera
31%
Mollerussa
31%
Motril
31%
Ontinyent
31%
Palencia
31%
Peralada
31%
Roda
31%
Torrejón
31%
Villaverde
31%
Alicante
28%
Almazán
28%
Aravaca
28%
Autol
28%
Becerril
28%
Binéfar
28%
Canillas
28%
Ciudad de Lucena
28%
Conil
28%
El Palo
28%
Escobedo
28%
Getxo
28%
Gimnástica Torrelavega
28%
Huétor Vega
28%
Izarra
28%
Jerez
28%
Las Rozas
28%
L’Entregu
28%
L’Hospitalet
28%
Manacor
28%
Menorca
28%
Mojados
28%
Patacona
28%
Peña
28%
Pozoblanco
28%
Subiza
28%
Torre del Mar
28%
Tudelano
28%
Villarrubia
28%
Algar
25%
Alhama
25%
Anguiano
25%
Arandina
25%
Arucas
25%
Atlético Monzón
25%
Azuaga
25%
Badajoz
25%
Bala Azul
25%
Baztan
25%
Benidorm
25%
Binissalem
25%
Calamocha
25%
Constància
25%
Cortes
25%
Cuarte
25%
Dénia
25%
Don Benito
25%
Gandia
25%
Hernán Cortés
25%
La Almunia
25%
Lanzarote
25%
Lealtad Villaviciosa
25%
Linense
25%
Llerenense
25%
Montijo
25%
Móstoles
25%
Novelda
25%
Olivenza
25%
Oyonesa
25%
Peña Sport
25%
Plus Ultra
25%
Puente Castro
25%
Puertollano
25%
Rubí
25%
San Fernando
25%
San Pedro
25%
Torredonjimeno
25%
Touring
25%
Unión Adarve
25%
Utiel
25%
Valle de Egüés
25%
Vecindario
25%
Villacañas
25%
Villanovense
25%
Yagüe
25%
Abarán
22%
Alcalá
22%
Alcantarilla
22%
Almansa
22%
Andorra CF
22%
Arnedo
22%
Astur
22%
Atlético Calatayud
22%
Atlético Melilla
22%
Atlético Palma del Río
22%
Atlético Paso
22%
Atlético Pinilla
22%
Atlético Tomelloso
22%
Atlético Tordesillas
22%
Béjar Industrial
22%
Betanzos
22%
Brea
22%
Briviesca
22%
Calasanz
22%
Cazalegas
22%
Cebrereña
22%
Cieza
22%
Cirbonero
22%
Ciudad Rodrigo
22%
Conquense
22%
Crevillente Deportivo
22%
Espanyol de Madrid
22%
Formentera
22%
Helmántico
22%
Hernani
22%
Huétor Tajar
22%
Jávea
22%
Jerez Industrial
22%
La Bañeza
22%
La Calzada
22%
La Nueva Crónica
22%
La Roda
22%
Lemos
22%
Manises
22%
Manzanares
22%
Marchamalo
22%
Martorell
22%
Novelda Unión
22%
Palamós
22%
Panadería Pulido
22%
Puerto de Vega
22%
Rayo Ibense
22%
Recambios Colón
22%
Santanyi
22%
Tamaraceite
22%
Torrevieja
22%
Turégano
22%
Unión Molinense
22%
Unión Sur Yaiza
22%
Uxama
22%
Veguellina
22%
Villamuriel
22%
Yuncos
22%
Anaitasuna
19%
Basconia
19%
Daimiel
19%
Ibiza Islas Pitiusas
19%
Jaraíz
19%
La Cisterniga
19%
Marino de Luanco
19%
Portugalete
19%
Roces
19%
San Cristóbal
19%
San Juan
19%
UD San Fernando
19%
Unión Viera
19%
Varea
19%
Victoria
19%
Aurrera Vitoria
16%
Badalona
16%
Calahorra
16%
Castelldefels
16%
CD Victoria
16%
Club Bermeo
16%
Colonia Moscardó
16%
Fuentes
16%
Horta
16%
Juventud 25 de Septiembre
16%
Lalín
16%
Manchego Ciudad Real
16%
Mijas Las Lagunas
16%
Palencia Cristo Atlético
16%
Ribert
16%
Somozas
16%
Yugo Socuéllamos
16%
Ceuta 6 de Junio
13%
Ciudad de Murcia
13%
Covadonga
13%
Dos Hermanas
13%
Manresa
13%
Olimpic Xátiva
13%
Salerm Puente Genil
13%
San José
13%
Valdepeñas
13%
Vilassar de Mar
13%
Atlético Antoniano
9%
Atlético Bembibre
9%
Betis de Valladolid
9%
Cerdanyola
9%
Chiclana
9%
Club Atlético Central
9%
Figueres
9%
Haro Deportivo
9%
Indautxu
9%
La Unión Atlético
9%
Mancha Real
9%
Mensajero
9%
Noname
9%
Racing Villalbés
9%
Rápido de Bouzas
9%
Tomares
9%
Utrera
9%
Villarrobledo
9%
Virgen del Camino
9%
Ardoi
6%
Azuqueca
6%
Benavente
6%
Cala Pozuelo
6%
Casalarreina
6%
Caudal Deportivo
6%
Derio
6%
Erandio
6%
Galapagar
6%
Grama
6%
Internacional Vista Alegre
6%
Júpiter
6%
Laguna
6%
Moralo
6%
Mosconia
6%
Polideportivo El Ejido
6%
San Ignacio
6%
San Juan de Montcada
6%
Santa Marta de Tormes
6%
Santurtzi
6%
Tarancón
6%
Tenisca
6%
Trival Valderas
6%
Villaralbo
6%
Zamudio
6%
Atlético Pulpileño
3%
Belchite
3%
Caravaca
3%
Colegios Diocesanos Ávila
3%
Cubillos del Sil
3%
El Palmar
3%
Gimnástica Medinense
3%
Illescas
3%
Jove Español
3%
Lagunak
3%
Llanos Aridane
3%
Mazarrón
3%
Moraleja
3%
Naraya de Halterofilia
3%
Negreira
3%
Nuevo Recreo Industrial
3%
Onzonilla
3%
Pamplona
3%
Peñaranda Bracamonte
3%
Penya Deportiva
3%
Periso
3%
Poli Almería
3%
Prat
3%
Quintanar de la Orden
3%
Racing Portuense
3%
Rapitenca
3%
San Roque de Lepe
3%
Sant Cugat
3%
Sariegos del Bernesga
3%
Sitges
3%
Universidad de Oviedo
3%
Velarde
3%
Viladecans
3%
Villa de Simancas
3%
No se encontraron pruebas coincidentes
Distribución de puntuación
Porcentaje de gente con cada puntuación
Porcentaje por número respondido
Historial de tus puntuaciones
No has intentado esta prueba desde el último reinicio